Exel Manual Introductory Statistics (Record no. 5038)

MARC details
005 - DATE AND TIME OF LATEST TRANSACTION
control field 20250625115718.0
020 ## - INTERNATIONAL STANDARD BOOK NUMBER
International Standard Book Number 9780471448105
082 ## - DEWEY DECIMAL CLASSIFICATION NUMBER
Classification number 519.5 MAN
100 ## - MAIN ENTRY--PERSONAL NAME
Author name MANN, P.S.
245 ## - TITLE STATEMENT
Title Exel Manual Introductory Statistics
250 ## - EDITION STATEMENT
Edition statement 5th Ed.
260 ## - PUBLICATION, DISTRIBUTION, ETC.
Place of publication, distribution, etc. New York
Name of publisher, distributor, etc. John Wiley & Sons,Ltd,
Date of publication, distribution, etc. 2004.
300 ## - PHYSICAL DESCRIPTION
Extent iv,164p.:ill.;picture
Dimensions 25cm.
942 ## - ADDED ENTRY ELEMENTS (KOHA)
Source of classification or shelving scheme Dewey Decimal Classification
Koha item type Books
Holdings
Date last seen Total checkouts Full call number Barcode Cost, replacement price Price effective from Koha item type Lost status Source of classification or shelving scheme Damaged status Not for loan Withdrawn status Home library Current library Shelving location Date acquired Cost, normal purchase price
06/25/2025   519.5 MAN DOM000971 45000.00 06/25/2025 Books   Dewey Decimal Classification       CBE Dodoma CBE Dodoma General Collection 04/26/2009 15000.00